<?xml version="1.0" encoding="UTF-8"?>
<record
    xmlns:xsi="http://www.w3.org/2001/XMLSchema-instance"
    xsi:schemaLocation="http://www.loc.gov/MARC21/slim http://www.loc.gov/standards/marcxml/schema/MARC21slim.xsd"
    xmlns="http://www.loc.gov/MARC21/slim">

  <leader>02156agaaa2200325   4500</leader>
  <controlfield tag="001">8726</controlfield>
  <controlfield tag="003">IT-RoPAU</controlfield>
  <controlfield tag="005">20220918181237.0</controlfield>
  <controlfield tag="007">d cvaizq</controlfield>
  <controlfield tag="008">50131s9999||||xx ||| |     ||   ||und||</controlfield>
  <datafield tag="040" ind1=" " ind2=" ">
    <subfield code="a">IT-RoPAU</subfield>
    <subfield code="c">IT-RoPAU</subfield>
  </datafield>
  <datafield tag="041" ind1=" " ind2=" ">
    <subfield code="a">ITALIANO</subfield>
  </datafield>
  <datafield tag="100" ind1=" " ind2=" ">
    <subfield code="a">Verdone Carlo</subfield>
    <subfield code="g">Codice regista SPICS: 29798</subfield>
    <subfield code="9">43866</subfield>
  </datafield>
  <datafield tag="130" ind1=" " ind2=" ">
    <subfield code="a">ACQUA E SAPONE</subfield>
    <subfield code="9">43867</subfield>
  </datafield>
  <datafield tag="245" ind1=" " ind2=" ">
    <subfield code="a">ACQUA E SAPONE</subfield>
    <subfield code="c">Prodotto da: Cecchi Gori M. E V. -- Sceneggiatura: Verdone Carlo Oldoini Enrico Ferrini Franco -- Diretto da: Verdone Carlo</subfield>
    <subfield code="p">ACQUA E SAPONE (Rif. Codice opera principale : H8726)</subfield>
  </datafield>
  <datafield tag="250" ind1=" " ind2=" ">
    <subfield code="a">Edizione Standard</subfield>
  </datafield>
  <datafield tag="260" ind1=" " ind2=" ">
    <subfield code="a">(ITALIA)</subfield>
    <subfield code="b">INTERCAPITAL / Distribuzione: MONDADORI</subfield>
    <subfield code="g">"1983 (1&#xB0; ed.: 2009 ; Ed. Lingua Orig.: 1983)"</subfield>
  </datafield>
  <datafield tag="300" ind1=" " ind2=" ">
    <subfield code="a">DVD</subfield>
    <subfield code="b">sonoro, col.</subfield>
    <subfield code="c">109 minuti</subfield>
  </datafield>
  <datafield tag="508" ind1=" " ind2=" ">
    <subfield code="a">"Fotografia: Desideri Danilo; Montaggio: Siciliano Antonio; Musica: Liberatori Fabio; Sceneggiatura: Verdone Carlo Oldoini Enrico Ferrini Franco; Scenografia: Sabatelli Luca; Soggetto: Oldoini Enrico -- Ferrini Franco"</subfield>
  </datafield>
  <datafield tag="511" ind1=" " ind2=" ">
    <subfield code="a">"Verdone Carlo; Hovey Natasha; Bolkan Florinda; Saxon Glenn; Fabrizi Lella; Mirabella "</subfield>
  </datafield>
  <datafield tag="520" ind1=" " ind2=" ">
    <subfield code="a">LA MADRE-MANAGER DI UNA GIOVANISSIMA MODELLA AMERICANA CERCA UN PRECETTOREPER LA FIGLIA CHE DEVE LAVORARE PER 3 MESI A ROMA. LE VIENE SUGGERITO IL NOME DI PADRE SPINETTI, UN SACERDOTE CHE INSEGNA IN UN ISTITUTO FEMMINILE, MA LA TELEFONATA PER L'INCARICO LA INTERCETTA ROLANDO, BIDELLO LAUREATO IN CERCA DI FORTUNA. ROLANDO SI PRESENTA ALLA DONNA VESTITO DA PRETE E VIENE ASSUNTO, LA RAGAZZA PERO' NON TARDA A RENDERSI CONTO CHE L'IMPACCIATO PROFESSORE NON E' UN VERO SACERDOTE E SE NE INNAMORA. CONTENUTI EXTRA: BIOGRAFIA DEL REGISTA E DEGLI ATTORI PRINCIPALI.</subfield>
  </datafield>
  <datafield tag="538" ind1=" " ind2=" ">
    <subfield code="a">PAL, STEREO</subfield>
  </datafield>
  <datafield tag="546" ind1=" " ind2=" ">
    <subfield code="a">ITALIANO</subfield>
  </datafield>
  <datafield tag="650" ind1=" " ind2=" ">
    <subfield code="a">COMMEDIA</subfield>
    <subfield code="e">DVD-FILM [DVD]</subfield>
    <subfield code="x">Codice MATERIA SPICS: 9947</subfield>
    <subfield code="9">36668</subfield>
  </datafield>
  <datafield tag="700" ind1=" " ind2=" ">
    <subfield code="a">Ferrini Franco </subfield>
    <subfield code="e">(soggetto)</subfield>
    <subfield code="g">Codice Soggetto 2&#xB0; SPICS: 6685</subfield>
    <subfield code="9">43868</subfield>
  </datafield>
  <datafield tag="700" ind1=" " ind2=" ">
    <subfield code="a">Liberatori Fabio</subfield>
    <subfield code="e">(musica)</subfield>
    <subfield code="g">Codice Musica SPICS: 29802</subfield>
    <subfield code="9">43869</subfield>
  </datafield>
  <datafield tag="700" ind1=" " ind2=" ">
    <subfield code="a">Oldoini Enrico </subfield>
    <subfield code="e">(soggetto)</subfield>
    <subfield code="g">Codice Soggetto SPICS: 3092</subfield>
    <subfield code="9">43870</subfield>
  </datafield>
  <datafield tag="700" ind1=" " ind2=" ">
    <subfield code="a">Verdone Carlo </subfield>
    <subfield code="e">(regista)</subfield>
    <subfield code="g">Codice regista SPICS: 29798</subfield>
    <subfield code="9">43871</subfield>
  </datafield>
  <datafield tag="942" ind1=" " ind2=" ">
    <subfield code="c">DV</subfield>
    <subfield code="2">ddc</subfield>
  </datafield>
  <datafield tag="999" ind1=" " ind2=" ">
    <subfield code="c">105880</subfield>
    <subfield code="d">105880</subfield>
  </datafield>
  <datafield tag="952" ind1=" " ind2=" ">
    <subfield code="0">0</subfield>
    <subfield code="1">0</subfield>
    <subfield code="4">0</subfield>
    <subfield code="6">H_8726_000000000000000</subfield>
    <subfield code="7">1</subfield>
    <subfield code="a">SPICS</subfield>
    <subfield code="b">SPICS</subfield>
    <subfield code="d">2015-01-31</subfield>
    <subfield code="l">0</subfield>
    <subfield code="o">H8726</subfield>
    <subfield code="r">2015-01-31 00:00:00</subfield>
    <subfield code="w">2015-01-31</subfield>
    <subfield code="y">DV</subfield>
    <subfield code="z">Progr. Ins.: 3795 / N.Vol.:1 / Copie: 1 / Pag.:0 / Copia rara: n.d. / date import: 1.2.2015 / By Epidotti, Trombetti, Vaglietti</subfield>
  </datafield>
</record>
